000 00974nac a22002777a 4500
001 BR2011001499
003 BR-BrBNA
005 20240105123857.0
008 230509b bl.|||m| |||| 00| 0 por d
040 _aBR-BrBNA
_bpor
_cBiblioteca Nacional de Agricultura
072 _aE10; E70
090 _aE10 BR2011001499
110 1 _aConfederação da Agricultura e Pecuária do Brasil, Brasília, DF (Brasil)
_92548
245 1 _aAgenda propositiva da agropecuária: recomendações para o crescimento da produção, exportação, geração de renda e emprego no setor agropecuário brasileiro
250 1 _a2. ed.
260 3 _aBrasília, DF (Brasil):
_c2006.
300 _a42 p.
490 _aColetânea Estudos Gleba (Brazil)
_vno. 41
_x
650 _aPECUÁRIA
650 _aAGRONEGÓCIO
650 _aPOLÍTICA AGRÍCOLA
650 _aPRODUÇÃO ANIMAL
650 _aEXPORTAÇÃO
909 _a202312
_bLúcia Elande
_c55
_dLúcia Elande
942 _2AGRIS
_n0
_cMS
999 _c297372
_d297372